[Event "GER GM07-A email"]
[Site "GER email"]
[Date "2018.06.19"]
[Round "?"]
[White "Gleichmann, Matthias"]
[Black "Stalmach, Kamil"]
[Result "1/2-1/2"]
[WhiteElo "2547"]
[BlackElo "2568"]
[PlyCount "59"]
[EventDate "2018.??.??"]
[EventType "tourn (corr)"]
[EventRounds "13"]
[EventCountry "GER"]
[SourceTitle "Corr 2020"]
[Source "ChessBase"]
[SourceDate "2019.09.30"]
[SourceVersion "1"]
[SourceVersionDate "2019.09.30"]
[SourceQuality "1"]

1. e4 e5 2. Nf3 Nc6 3. Bb5 Nf6 4. d3 Bc5 5. c3 0-0 6. 0-0 Re8 7. Bg5 h6 8. Bh4 a6 9. Bc4 d6 10. Nbd2 Ba7 11. Bb3 Be6 12. Re1 Bxb3 13. Qxb3 Rb8 14. Nf1 g5 15. Bg3 Qd7 16. h3 Qe6 17. Qd1 Rbd8 18. Qc2 Nh5 19. Bh2 Kh8 20. d4 Qg6 21. Rad1 Nf4 22. Ng3 g4 23. hxg4 Qxg4 24. Kh1 Rg8 25. Rg1 Nh3 26. Rgf1 Nf4 27. Ne1 Rde8 28. f3 Qg5 29. Nf5 Ne7 30. Nxe7 1/2-1/2

[Event "GER GM07-A email"]
[Site "GER email"]
[Date "2018.06.19"]
[Round "?"]
[White "Stalmach, Kamil"]
[Black "De Oliveira, Joao Carlos"]
[Result "1/2-1/2"]
[WhiteElo "2568"]
[BlackElo "2587"]
[PlyCount "89"]
[EventDate "2018.??.??"]
[EventType "tourn (corr)"]
[EventRounds "13"]
[EventCountry "GER"]
[SourceTitle "Corr 2020"]
[Source "ChessBase"]
[SourceDate "2019.09.30"]
[SourceVersion "1"]
[SourceVersionDate "2019.09.30"]
[SourceQuality "1"]

1. e4 c5 2. Nf3 e6 3. d4 cxd4 4. Nxd4 Nc6 5. Nc3 Qc7 6. Be3 a6 7. Qf3 Nf6 8. 0-0-0 Ne5 9. Qg3 b5 10. f4 Neg4 11. Bg1 b4 12. Na4 Nh6 13. e5 Nd5 14. b3 Bb7 15. Bc4 Rc8 16. Kb1 g6 17. h4 Qa5 18. Qd3 Rc7 19. Bxd5 Qxd5 20. Rd2 Nf5 21. Rh3 Nxd4 22. Bxd4 Qb5 23. Bb6 Rc8 24. Kb2 Be7 25. Qd4 0-0 26. Rhd3 Bd5 27. Qe3 Qc6 28. h5 h6 29. Qe2 a5 30. Kb1 d6 31. exd6 Bxd6 32. g3 Rfe8 33. hxg6 fxg6 34. Bd4 Be4 35. Nb6 Rcd8 36. Re3 Bf5 37. Nc4 Bc5 38. Ne5 Qh1+ 39. Rd1 Qxd1+ 40. Qxd1 Bxd4 41. Nc6 Bb6 42. Rd3 Bxd3 43. Nxd8 Rxd8 44. cxd3 h5 45. Qc1 1/2-1/2

[Event "GER GM07-A email"]
[Site "GER email"]
[Date "2018.06.19"]
[Round "?"]
[White "Stalmach, Kamil"]
[Black "Dunlop, Gordon"]
[Result "1/2-1/2"]
[WhiteElo "2568"]
[BlackElo "2535"]
[PlyCount "81"]
[EventDate "2018.??.??"]
[EventType "tourn (corr)"]
[EventRounds "13"]
[EventCountry "GER"]
[SourceTitle "Corr 2022"]
[Source "ChessBase"]
[SourceDate "2021.10.24"]
[SourceVersion "1"]
[SourceVersionDate "2021.10.24"]
[SourceQuality "1"]

1. e4 c5 2. Nc3 Nc6 3. Nf3 e5 4. Bc4 Be7 5. d3 d6 6. 0-0 Nf6 7. h3 0-0 8. a3 Be6 9. Ng5 Qc8 10. f4 exf4 11. Bxf4 Qd7 12. Qd2 a6 13. Nxe6 fxe6 14. Ba2 b5 15. Rae1 Kh8 16. Ne2 Rae8 17. c3 c4 18. Ng3 Ne5 19. dxc4 Nxc4 20. Qe2 Qc6 21. Kh2 Nd7 22. a4 Bf6 23. Rd1 Be5 24. Bxe5 Ndxe5 25. b3 Na5 26. axb5 axb5 27. Qd2 Rxf1 28. Rxf1 Kg8 29. Ne2 Qxe4 30. Nd4 b4 31. Bb1 bxc3 32. Qxc3 Qd5 33. Rc1 Nb7 34. b4 Nd8 35. Bc2 Nef7 36. Re1 Qg5 37. Kh1 d5 38. b5 Qf6 39. b6 Rf8 40. Qd3 Ng5 41. b7 1/2-1/2

[Event "GER GM07-A email"]
[Site "GER email"]
[Date "2018.06.19"]
[Round "?"]
[White "Stephan, Juergen"]
[Black "Stalmach, Kamil"]
[Result "1/2-1/2"]
[WhiteElo "2567"]
[BlackElo "2568"]
[PlyCount "64"]
[EventDate "2018.??.??"]
[EventType "tourn (corr)"]
[EventRounds "13"]
[EventCountry "GER"]
[SourceTitle "Corr 2020"]
[Source "ChessBase"]
[SourceDate "2019.09.30"]
[SourceVersion "1"]
[SourceVersionDate "2019.09.30"]
[SourceQuality "1"]

1. d4 Nf6 2. Nf3 d5 3. c4 e6 4. Nc3 c6 5. Bg5 h6 6. Bxf6 Qxf6 7. e3 g6 8. Bd3 Bg7 9. 0-0 0-0 10. cxd5 exd5 11. b4 Be6 12. Ne2 Nd7 13. Rc1 a6 14. Nf4 Rfe8 15. a3 Bf8 16. Nd2 a5 17. Qb3 axb4 18. axb4 Bd6 19. Nxe6 Qxe6 20. g3 Bf8 21. Rfe1 Qd6 22. Qc2 Rec8 23. Kg2 Qxb4 24. Rb1 Qd6 25. Rxb7 c5 26. dxc5 Nxc5 27. Rb5 Na4 28. Qb3 Rc3 29. Qb1 Ra3 30. Rb3 Nc5 31. Rxa3 Rxa3 32. Bf1 d4 1/2-1/2

[Event "GER GM05-A email"]
[Site "GER email"]
[Date "2016.06.26"]
[Round "?"]
[White "De Oliveira, Joao Carlos"]
[Black "Stalmach, Kamil"]
[Result "1/2-1/2"]
[WhiteElo "2575"]
[BlackElo "2557"]
[PlyCount "68"]
[EventDate "2016.??.??"]
[EventType "tourn (corr)"]
[EventRounds "13"]
[EventCountry "GER"]
[SourceTitle "Corr 2017"]
[Source "ChessBase"]
[SourceDate "2017.09.19"]
[SourceVersion "1"]
[SourceVersionDate "2017.09.19"]
[SourceQuality "1"]

1. d4 d5 2. c4 c6 3. cxd5 cxd5 4. Bf4 Nc6 5. e3 Nf6 6. Nc3 Bf5 7. Qb3 Na5 8. Qa4+ Bd7 9. Qc2 e6 10. Bd3 Nc6 11. Qe2 Be7 12. h3 Rc8 13. Nf3 Nb4 14. Bb1 Ne4 15. a3 Qa5 16. 0-0 Nxc3 17. bxc3 Rxc3 18. Ne5 Nc6 19. Nxd7 Kxd7 20. Bd3 Bd6 21. Bxd6 Kxd6 22. Rab1 Rb8 23. Bb5 a6 24. Bxc6 Kxc6 25. Qd2 b6 26. e4 Rc8 27. exd5+ Kb7 28. dxe6 fxe6 29. Rbe1 Qxa3 30. Qg5 R8c7 31. Rxe6 Rc1 32. Qd5+ Ka7 33. g3 Rxf1+ 34. Kxf1 a5 1/2-1/2

[Event "GER GM05-A email"]
[Site "GER email"]
[Date "2016.06.26"]
[Round "?"]
[White "Stalmach, Kamil"]
[Black "Staroske, Uwe"]
[Result "1/2-1/2"]
[WhiteElo "2557"]
[BlackElo "2514"]
[PlyCount "71"]
[EventDate "2016.??.??"]
[EventType "tourn (corr)"]
[EventRounds "13"]
[EventCountry "GER"]
[SourceTitle "Corr 2020"]
[Source "ChessBase"]
[SourceDate "2019.09.30"]
[SourceVersion "1"]
[SourceVersionDate "2019.09.30"]
[SourceQuality "1"]

1. Nf3 c5 2. c4 Nc6 3. Nc3 e5 4. e3 Nf6 5. d4 e4 6. Ne5 Bd6 7. Ng4 Nxg4 8. Qxg4 0-0 9. dxc5 f5 10. Qd1 Be5 11. Be2 Kh8 12. g3 d6 13. cxd6 Rf6 14. c5 b6 15. f4 Bxc3+ 16. bxc3 bxc5 17. d7 Bxd7 18. Kf2 Na5 19. c4 Rb6 20. Bd2 Nc6 21. a3 Rab8 22. Bc3 R8b7 23. Qc2 Qb8 24. Rhg1 Rb3 25. Kg2 Kg8 26. Kh1 g6 27. Rgd1 Be6 28. Rd2 a5 29. Kg2 a4 30. h4 h5 31. Ra2 Kh7 32. Kf2 Qg8 33. Ba1 Nd4 34. Bxd4 cxd4 35. Rxd4 Qb8 36. Qd2 1/2-1/2

[Event "GER GM05-A email"]
[Site "GER email"]
[Date "2016.06.26"]
[Round "?"]
[White "Stalmach, Kamil"]
[Black "Tauber, Hans"]
[Result "1/2-1/2"]
[WhiteElo "2557"]
[BlackElo "2528"]
[PlyCount "85"]
[EventDate "2016.??.??"]
[EventType "tourn (corr)"]
[EventRounds "13"]
[EventCountry "GER"]
[SourceTitle "Corr 2020"]
[Source "ChessBase"]
[SourceDate "2019.09.30"]
[SourceVersion "1"]
[SourceVersionDate "2019.09.30"]
[SourceQuality "1"]

1. e4 e6 2. d4 d5 3. Nc3 Bb4 4. e5 c5 5. a3 Bxc3+ 6. bxc3 Ne7 7. Qg4 cxd4 8. Qxg7 Rg8 9. Qxh7 Qc7 10. Ne2 dxc3 11. f4 Nbc6 12. h4 d4 13. h5 Bd7 14. h6 0-0-0 15. Qd3 Rg6 16. h7 Rh8 17. Nxd4 Nxd4 18. Qxd4 Bc6 19. Bd3 Rxg2 20. Qxa7 b5 21. Qc5 Rg7 22. Rh2 Bd5 23. Be3 Bc4 24. Rd1 Qxc5 25. Bxc5 Nf5 26. Bxc4 bxc4 27. Rb1 Rhxh7 28. Rxh7 Rxh7 29. Rb4 Rh1+ 30. Ke2 Rh2+ 31. Bf2 Nd4+ 32. Kf1 Nf3 33. Rxc4+ Kb7 34. Ke2 Nd2 35. Ra4 Rg2 36. Ra7+ Kc6 37. Rxf7 Rh2 38. f5 Kd5 39. fxe6 Kxe6 40. Rf8 Ne4 41. Ke3 Nxf2 42. Rxf2 Rh4 43. Kd3 1/2-1/2

[Event "GER GM05-A email"]
[Site "GER email"]
[Date "2016.06.26"]
[Round "?"]
[White "Vinchev, Simeon Stefanov"]
[Black "Stalmach, Kamil"]
[Result "1/2-1/2"]
[WhiteElo "2512"]
[BlackElo "2557"]
[PlyCount "33"]
[EventDate "2016.??.??"]
[EventType "tourn (corr)"]
[EventRounds "13"]
[EventCountry "GER"]
[SourceTitle "Corr 2017"]
[Source "ChessBase"]
[SourceDate "2017.09.19"]
[SourceVersion "1"]
[SourceVersionDate "2017.09.19"]
[SourceQuality "1"]

1. d4 d5 2. c4 c6 3. Nf3 Nf6 4. Nc3 e6 5. Bg5 h6 6. Bxf6 Qxf6 7. g3 Nd7 8. Bg2 dxc4 9. 0-0 Be7 10. Ne4 Qf5 11. Ned2 e5 12. Nxc4 exd4 13. Nxd4 Qf6 14. e3 0-0 15. Rc1 Rd8 16. Qh5 Bf8 17. Rfd1 1/2-1/2